[Event "Misiones op"]
[Site "Misiones"]
[Date "2023.07.09"]
[Round "4"]
[White "Zaldivar, Patricio"]
[Black "Vergara, Emmanuel"]
[Result "0-1"]
[WhiteElo "1874"]
[BlackElo "1762"]
[PlyCount "132"]
[EventDate "2023.07.08"]
[EventType "swiss"]
[EventRounds "6"]
[EventCountry "ARG"]
[SourceTitle "EXT 2024"]
[Source "ChessBase"]
[SourceDate "2023.10.10"]
[SourceVersion "1"]
[SourceVersionDate "2023.10.10"]
[SourceQuality "1"]

1. e4 e6 2. d4 d5 3. e5 c5 4. c3 Nc6 5. Nf3 Bd7 6. a3 cxd4 7. cxd4 Qb6 8. b4 Rc8 9. Bb2 Nh6 10. Bd3 Be7 11. 0-0 0-0 12. Bc1 Nf5 13. Bxf5 exf5 14. Qd3 Nd8 15. Nc3 Be6 16. Bb2 Qc6 17. b5 Qc4 18. Qe3 h6 19. Nd2 Qc7 20. Rfc1 Qd7 21. Qd3 b6 22. Ne2 Rxc1+ 23. Rxc1 g5 24. f4 Nb7 25. Bc3 Rc8 26. a4 Kg7 27. Rf1 g4 28. h3 h5 29. hxg4 hxg4 30. Ra1 Qc7 31. Kf2 Rh8 32. Nf1 Rh1 33. Ne3 Rxa1 34. Bxa1 Na5 35. Nxf5+ Kg8 36. Nxe7+ Qxe7 37. f5 Qh4+ 38. Qg3 Qxg3+ 39. Nxg3 Bd7 40. Bc3 Nc4 41. Nh5 Bxf5 42. Nf6+ Kg7 43. Nxd5 Bc2 44. Bb4 Bxa4 45. Nc3 Bc2 46. Be7 Bf5 47. Bd8 Bc8 48. Bc7 a6 49. bxa6 Bxa6 50. Nd5 b5 51. Nb4 Bb7 52. Bd8 Kg6 53. Nd3 Kf5 54. Nc5 Bd5 55. g3 b4 56. Na4 Ke4 57. Ke2 Kxd4 58. Bf6 Be6 59. Be7 b3 60. Bc5+ Kxe5 61. Kd3 Kd5 62. Bb4 Ne5+ 63. Kc3 Ke4 64. Bd6 Nd3 65. Nc5+ Kd5 66. Nb7 b2 0-1

[Event "Corrientes op 2nd"]
[Site "Corrientes"]
[Date "2023.03.26"]
[Round "5"]
[White "Zaldivar, Patricio"]
[Black "Molina, Vicente"]
[Result "1-0"]
[WhiteElo "1869"]
[BlackElo "1648"]
[PlyCount "71"]
[EventDate "2023.03.24"]
[EventType "swiss"]
[EventRounds "6"]
[EventCountry "ARG"]
[SourceTitle "CBM 213 Extra"]
[Source "ChessBase"]
[SourceDate "2023.05.31"]
[SourceVersion "1"]
[SourceVersionDate "2023.05.31"]
[SourceQuality "1"]

1. e4 d6 2. d4 Nf6 3. Nc3 Nbd7 4. Nf3 e5 5. Bc4 Be7 6. 0-0 0-0 7. Re1 c6 8. a4 Qc7 9. h3 Nb6 10. Bb3 Be6 11. Bxe6 fxe6 12. dxe5 dxe5 13. Ng5 Qc8 14. Qe2 h6 15. Nf3 Bd6 16. a5 Nbd7 17. Qc4 Qd8 18. a6 Nb6 19. Qe2 Rf7 20. b3 Qe7 21. axb7 Qxb7 22. Ba3 Bxa3 23. Rxa3 Qe7 24. Rea1 Qc5 25. Na4 Nxa4 26. Rxa4 Rb7 27. Qc4 Qd6 28. b4 Nd7 29. Qc3 Kf7 30. Nd2 c5 31. Nc4 Qb8 32. bxc5 Rb1+ 33. Rxb1 Qxb1+ 34. Kh2 Qb8 35. Rb4 Qc7 36. Rb7 1-0

[Event "Obera op"]
[Site "Obera"]
[Date "2023.02.04"]
[Round "3"]
[White "Zaldivar, Patricio"]
[Black "Llanos, Guillermo"]
[Result "0-1"]
[WhiteElo "1840"]
[BlackElo "2296"]
[PlyCount "84"]
[EventDate "2023.02.03"]
[EventType "swiss"]
[EventRounds "6"]
[EventCountry "ARG"]
[SourceTitle "CBM 212 Extra"]
[Source "ChessBase"]
[SourceDate "2023.03.31"]
[SourceVersion "1"]
[SourceVersionDate "2023.03.31"]
[SourceQuality "1"]

1. e4 Nc6 2. d4 d5 3. e5 Bf5 4. c3 e6 5. Bd3 Bxd3 6. Qxd3 f6 7. f4 fxe5 8. fxe5 Qh4+ 9. g3 Qh5 10. Qf3 Qxf3 11. Nxf3 Nd8 12. Be3 Ne7 13. g4 h5 14. Rg1 hxg4 15. Rxg4 Nf5 16. Bf2 Rh6 17. Ke2 Nf7 18. Rg6 Kd7 19. Nbd2 Rc8 20. b4 b6 21. Rb1 Be7 22. a4 Rch8 23. Rbg1 Rh5 24. Be3 Nxe3 25. Kxe3 Bg5+ 26. Ke2 Bxd2 27. Nxd2 Rxh2+ 28. Kd1 Rf2 29. Rxg7 Rhh2 30. Nf1 Rh3 31. Ke1 Rff3 32. R1g3 Ke7 33. Rxh3 Rxh3 34. Kd2 Rh4 35. Rg8 Nd8 36. Rg7+ Nf7 37. Rg8 Kd7 38. Ra8 Ng5 39. Rg8 Ne4+ 40. Kc2 Rh3 41. Ra8 Rxc3+ 42. Kb2 Rf3 0-1

[Event "Obera op"]
[Site "Obera"]
[Date "2023.02.03"]
[Round "1"]
[White "Zaldivar, Patricio"]
[Black "Brozzoni, Agustin"]
[Result "1-0"]
[WhiteElo "1840"]
[BlackElo "1146"]
[PlyCount "65"]
[EventDate "2023.02.03"]
[EventType "swiss"]
[EventRounds "6"]
[EventCountry "ARG"]
[SourceTitle "CBM 212 Extra"]
[Source "ChessBase"]
[SourceDate "2023.03.31"]
[SourceVersion "1"]
[SourceVersionDate "2023.03.31"]
[SourceQuality "1"]

1. e4 c5 2. Nf3 g6 3. d4 cxd4 4. Nxd4 Bg7 5. c4 Nc6 6. Be3 Nf6 7. Nc3 0-0 8. Be2 d6 9. 0-0 Bd7 10. f3 Nxd4 11. Bxd4 a5 12. b3 Nh5 13. Bxg7 Nxg7 14. Qd2 Qb6+ 15. Kh1 Bc6 16. Rab1 Rfd8 17. a3 e5 18. b4 axb4 19. axb4 Ne6 20. b5 Bd7 21. Nd5 Qd4 22. Qh6 Nf8 23. Rbd1 Qb2 24. Rd2 Qb3 25. f4 f5 26. exf5 Bxf5 27. Ne7+ Kh8 28. Nxf5 gxf5 29. Qf6+ Kg8 30. fxe5 Qe3 31. Bf3 h6 32. Bd5+ Kh7 33. Qf7+ 1-0

[Event "Posadas op"]
[Site "Posadas"]
[Date "2022.10.30"]
[Round "4"]
[White "Zaldivar, Patricio"]
[Black "Carlino, Esteban Ezequiel"]
[Result "1/2-1/2"]
[WhiteElo "1816"]
[BlackElo "1829"]
[PlyCount "86"]
[EventDate "2022.10.29"]
[EventType "swiss"]
[EventRounds "6"]
[EventCountry "ARG"]
[SourceTitle "EXT 2024"]
[Source "ChessBase"]
[SourceDate "2023.10.10"]
[SourceVersion "1"]
[SourceVersionDate "2023.10.10"]
[SourceQuality "1"]

1. e4 e5 2. Nc3 Nc6 3. g3 Bc5 4. Bg2 Nf6 5. Nge2 a6 6. 0-0 d6 7. h3 Be6 8. Nd5 Qd7 9. Nxf6+ gxf6 10. Kh2 f5 11. exf5 Bxf5 12. d4 Nxd4 13. Nxd4 Bxd4 14. c3 Bb6 15. Bxb7 Rb8 16. Qf3 Rxb7 17. Qxb7 Bxh3 18. Qb8+ Qc8 19. Qxc8+ Bxc8 20. Be3 Bxe3 21. fxe3 h5 22. Rf2 h4 23. gxh4 Rxh4+ 24. Kg1 Bb7 25. Rh2 Rg4+ 26. Kf2 Rg6 27. Rg1 Rf6+ 28. Ke2 Bd5 29. b3 Kd7 30. Rf2 Rh6 31. c4 Be6 32. Rg3 Rh1 33. Kd2 Ra1 34. Kc3 Kc6 35. Kb2 Re1 36. a3 a5 37. Rc2 Bf5 38. Rf2 Be6 39. Rc2 Bf5 40. Rd2 Rb1+ 41. Ka2 Rc1 42. Rf3 Be6 43. Kb2 Rh1 1/2-1/2

[Event "Posadas Misionera op"]
[Site "Posadas"]
[Date "2022.08.13"]
[Round "1"]
[White "Vazquez, Hugo"]
[Black "Zaldivar, Patricio"]
[Result "0-1"]
[WhiteElo "1392"]
[BlackElo "1821"]
[PlyCount "66"]
[EventDate "2022.08.13"]
[EventType "swiss"]
[EventRounds "6"]
[EventCountry "ARG"]
[SourceTitle "EXT 2023"]
[Source "ChessBase"]
[SourceDate "2022.10.05"]
[SourceVersion "1"]
[SourceVersionDate "2022.10.05"]
[SourceQuality "1"]

1. d4 Nf6 2. Nf3 g6 3. g3 Bg7 4. Bg2 d5 5. 0-0 0-0 6. c4 dxc4 7. a4 c5 8. Qc2 cxd4 9. Qxc4 Nc6 10. Rd1 Ne8 11. e3 Nd6 12. Qc2 Bf5 13. Qb3 e5 14. Na3 d3 15. Ne1 e4 16. f3 Be6 17. Nc4 Nxc4 18. Qxb7 N4a5 19. Qb5 a6 20. Qc5 Nb3 21. Qxc6 Bd5 22. Qxd5 Qxd5 23. fxe4 Qe6 24. Ra3 Nxc1 25. Nxd3 Nxd3 26. Raxd3 Qb6 27. Rd6 Qxe3+ 28. Kh1 Rab8 29. Rf1 Rxb2 30. Bf3 Be5 31. Rd7 Bxg3 32. hxg3 Qh6+ 33. Kg1 Qh2# 0-1

[Event "Obera op"]
[Site "Obera"]
[Date "2022.02.26"]
[Round "2"]
[White "Vazquez, Hugo"]
[Black "Zaldivar, Patricio"]
[Result "0-1"]
[WhiteElo "1350"]
[BlackElo "1836"]
[PlyCount "106"]
[EventDate "2022.02.26"]
[EventType "swiss"]
[EventRounds "6"]
[EventCountry "ARG"]
[SourceTitle "EXT 2023"]
[Source "ChessBase"]
[SourceDate "2022.10.05"]
[SourceVersion "1"]
[SourceVersionDate "2022.10.05"]
[SourceQuality "1"]

1. d4 Nf6 2. Nf3 d5 3. c4 e6 4. Nc3 Be7 5. Bg5 0-0 6. e3 Nbd7 7. Nd2 c5 8. dxc5 Nxc5 9. cxd5 exd5 10. Bxf6 Bxf6 11. Rc1 d4 12. Nce4 Nxe4 13. Nxe4 dxe3 14. Qxd8 exf2+ 15. Nxf2 Rxd8 16. b3 Bd7 17. a4 Bc6 18. Rg1 Re8+ 19. Kd1 Bd4 20. Bb5 Bxb5 21. axb5 Bxf2 22. Rf1 Be3 23. Rc3 Rad8+ 24. Kc2 Rc8 25. Rc4 Rxc4+ 26. bxc4 Bc5 27. Rf5 b6 28. Kd3 g6 29. Rf3 f5 30. h3 Kf7 31. g4 Ke6 32. gxf5+ gxf5 33. Rf1 Rd8+ 34. Kc2 Ke5 35. Ra1 Rd7 36. Re1+ Kf4 37. Kb3 Kg3 38. Re5 f4 39. Rf5 f3 40. h4 f2 41. h5 Kg2 42. Rg5+ Kf3 43. Rf5+ Ke2 44. h6 Rd3+ 45. Kb2 Rf3 46. Re5+ Be3 47. Ka3 f1Q 48. Ka4 Qa1+ 49. Kb3 Qxe5 50. Kc2 Bxh6 51. Kb1 Qc3 52. c5 Qb3+ 53. Ka1 Bg7# 0-1

[Event "Corrientes op"]
[Site "Corrientes"]
[Date "2021.08.16"]
[Round "5"]
[White "Soto, Brian"]
[Black "Zaldivar, Patricio"]
[Result "1-0"]
[WhiteElo "1612"]
[BlackElo "1896"]
[PlyCount "47"]
[EventDate "2021.08.14"]
[EventType "swiss"]
[EventRounds "6"]
[EventCountry "ARG"]
[SourceTitle "EXT 2022"]
[Source "ChessBase"]
[SourceDate "2021.10.06"]
[SourceVersion "1"]
[SourceVersionDate "2021.10.06"]
[SourceQuality "1"]

1. d4 Nf6 2. Bf4 d5 3. e3 e6 4. Nd2 Bd6 5. Ngf3 0-0 6. Bd3 c5 7. c3 Qc7 8. Bxd6 Qxd6 9. Ne5 Nbd7 10. f4 Re8 11. g4 Nf8 12. g5 N6d7 13. Qh5 g6 14. Qh6 Qe7 15. Ng4 f5 16. gxf6 Nxf6 17. Nxf6+ Qxf6 18. h4 Re7 19. h5 Bd7 20. 0-0-0 Be8 21. Rdg1 Rc8 22. Nf3 Qg7 23. Qg5 gxh5 24. Qxe7 1-0

[Event "Concordia op 5th"]
[Site "Concordia"]
[Date "2019.05.04"]
[Round "7"]
[White "Zaldivar, Patricio"]
[Black "Dias, Anderson Tatsch"]
[Result "0-1"]
[WhiteElo "1762"]
[BlackElo "2164"]
[PlyCount "72"]
[EventDate "2019.05.01"]
[EventType "swiss"]
[EventRounds "9"]
[EventCountry "BRA"]
[SourceTitle "CBM 190 Extra"]
[Source "ChessBase"]
[SourceDate "2019.07.15"]
[SourceVersion "1"]
[SourceVersionDate "2019.07.15"]
[SourceQuality "1"]

1. e4 c5 2. Nf3 e6 3. d4 cxd4 4. Nxd4 a6 5. Bd3 Qc7 6. a4 Nf6 7. 0-0 Bc5 8. Nb3 Ba7 9. Nc3 d6 10. Bf4 Nc6 11. Be2 Ne5 12. Bg5 Bd7 13. Kh1 Bc6 14. f4 Ned7 15. Bxf6 Nxf6 16. Bf3 0-0 17. Nd4 Bd7 18. Qd2 Rad8 19. Rfd1 Rfe8 20. Qe1 e5 21. Nb3 exf4 22. Qh4 Be3 23. Nd4 Qb6 24. Nb3 Bc6 25. Nd5 Nxd5 26. exd5 Bd7 27. Be2 Bf5 28. Bd3 Bxd3 29. Rxd3 Rd7 30. Rad1 Rde7 31. Rf1 h6 32. Qg4 Re5 33. h4 Qb4 34. a5 Qc4 35. Qd1 Bf2 36. Qd2 Bg3 0-1

[Event "Concordia op 5th"]
[Site "Concordia"]
[Date "2019.05.03"]
[Round "6"]
[White "Consoli, Anderson Luiz"]
[Black "Zaldivar, Patricio"]
[Result "0-1"]
[WhiteElo "1394"]
[BlackElo "1762"]
[PlyCount "92"]
[EventDate "2019.05.01"]
[EventType "swiss"]
[EventRounds "9"]
[EventCountry "BRA"]
[SourceTitle "CBM 190 Extra"]
[Source "ChessBase"]
[SourceDate "2019.07.15"]
[SourceVersion "1"]
[SourceVersionDate "2019.07.15"]
[SourceQuality "1"]

1. e4 c5 2. b4 cxb4 3. d4 d5 4. e5 Bf5 5. Bd3 Bxd3 6. Qxd3 e6 7. a3 Qa5 8. Bd2 Qa6 9. Qf3 Nc6 10. Ne2 Nge7 11. 0-0 Nf5 12. c3 bxc3 13. Bxc3 Be7 14. Qg4 0-0 15. Ng3 Nxg3 16. hxg3 Rfc8 17. Bd2 Qd3 18. Be3 Na5 19. Rd1 Qg6 20. Qe2 a6 21. Nd2 Rc2 22. Qe1 Rac8 23. Rdc1 R8c6 24. Qd1 Qd3 25. Rxc2 Qxc2 26. Qe1 Qc3 27. Qd1 Bxa3 28. Rb1 b5 29. Qg4 Bf8 30. Nf3 Nc4 31. Ng5 Qd3 32. Re1 b4 33. Qh5 Qg6 34. Qe2 Nxe3 35. Qxe3 h6 36. Nf3 Qc2 37. Nd2 a5 38. Rb1 Rc3 39. Qe2 b3 40. Ra1 Rd3 41. Rxa5 Qxd2 42. Qxd2 Rxd2 43. Kf1 b2 44. Rb5 Ba3 45. Rb8+ Kh7 46. Ke1 Rc2 0-1

[Event "ARG-ch U16"]
[Site "Buenos Aires"]
[Date "2019.03.05"]
[Round "9.4"]
[White "Hakanson, Ian"]
[Black "Zaldivar, Patricio"]
[Result "1/2-1/2"]
[WhiteElo "1773"]
[BlackElo "1732"]
[PlyCount "29"]
[EventDate "2019.03.01"]
[EventType "swiss"]
[EventRounds "9"]
[EventCountry "ARG"]
[SourceTitle "EXT 2024"]
[Source "ChessBase"]
[SourceDate "2023.10.10"]
[SourceVersion "1"]
[SourceVersionDate "2023.10.10"]
[SourceQuality "1"]

1. e4 c5 2. c3 d5 3. exd5 Qxd5 4. d4 Nf6 5. Nf3 Nc6 6. Be3 Bg4 7. dxc5 0-0-0 8. Be2 Qe4 9. Nbd2 Bxf3 10. gxf3 Qf5 11. b4 Nd5 12. Qb3 Ne5 13. Nc4 Nxf3+ 14. Bxf3 Qxf3 15. 0-0 1/2-1/2